[Event "June Sectional B"]
[Site "Edmonton"]
[Date "2006.06.24"]
[Round "2"]
[White "Hughey, Micah"]
[Black "Karmali, Hafiz"]
[Result "1/2-1/2"]
[WhiteElo "2027"]
[BlackElo "2039"]
[PlyCount "82"]
[EventDate "2006.06.23"]
[EventType "tourn"]
[EventRounds "5"]
[EventCountry "CAN"]

1. d4 Nf6 2. Nd2 d5 3. e3 Bf5 4. c4 c6 5. Ngf3 Nbd7 6. Qb3 Qc7 7. Bd3 Bxd3 8.
Qxd3 e5 9. dxe5 Nxe5 10. Nxe5 Qxe5 11. O-O Rd8 12. Nf3 Qe4 13. Qb3 Rd7 14. cxd5
Nxd5 15. Ng5 Qg4 16. e4 Nf4 17. Bxf4 Qxf4 18. Nh3 Qc7 19. Rad1 Be7 20. Rxd7
Qxd7 21. Rd1 Qc7 22. g3 O-O 23. Nf4 Rd8 24. Qc2 Rxd1+ 25. Qxd1 Qd6 26. Qg4 Qb4
27. Qc8+ Bf8 28. e5 Qe1+ 29. Kg2 Qe4+ 30. Kg1 Qxe5 31. Qxb7 Qc5 32. b3 g6 33.
Qa6 Bd6 34. Nd3 Qb5 35. Qc8+ Kg7 36. Nb2 Qd5 37. Nc4 Bc5 38. Qe8 Bd4 39. Qe2 h5
40. h4 Qf5 41. Kg2 Qd5+ 1/2-1/2

[Event "June Sectional B"]
[Site "Edmonton"]
[Date "2006.06.24"]
[Round "2"]
[White "Li, Zhichao"]
[Black "Regimbald, Adrien"]
[Result "1-0"]
[WhiteElo "2196"]
[BlackElo "1958"]
[PlyCount "95"]
[EventDate "2006.06.23"]
[EventType "tourn"]
[EventRounds "5"]
[EventCountry "CAN"]

1. d4 e6 2. c4 Nf6 3. Nf3 c5 4. d5 exd5 5. cxd5 d6 6. Nc3 g6 7. Nd2 Bg7 8. e4
O-O 9. Be2 Re8 10. O-O Bd7 11. a4 Na6 12. Bxa6 bxa6 13. f3 Rb8 14. Nc4 Qc7 15.
Bf4 Bf8 16. Nb1 Rb4 17. b3 Reb8 18. Ra3 Nh5 19. Bd2 Rxb3 20. Rxb3 Bxa4 21. Rb7
Qxb7 22. Qxa4 Bg7 23. Nba3 Qe7 24. Be3 f5 25. Qxa6 Rb3 26. Rb1 Rxb1+ 27. Nxb1
Be5 28. Nxe5 Qxe5 29. Qc8+ Kf7 30. Qc7+ Kg8 31. Qb8+ Kf7 32. Qxa7+ Kg8 33. Qb8+
Kf7 34. Bxc5 Qf4 35. Qc7+ Kg8 36. Qd8+ Kf7 37. Qc7+ Kg8 38. Qb8+ Kf7 39. Qa7+
Kg8 40. Be3 Qe5 41. Qd4 Qe7 42. Nd2 f4 43. Bf2 Qc7 44. Nf1 Qa5 45. Qb6 Qa3 46.
e5 dxe5 47. Qe6+ Kg7 48. Qxe5+ 1-0

[Event "June Sectional B"]
[Site "Edmonton"]
[Date "2006.06.24"]
[Round "3"]
[White "Karmali, Hafiz"]
[Black "Robichaud, Martin"]
[Result "0-1"]
[WhiteElo "2039"]
[BlackElo "2016"]
[PlyCount "168"]
[EventDate "2006.06.23"]
[EventType "tourn"]
[EventRounds "5"]
[EventCountry "CAN"]

1. d4 e6 2. e4 d5 3. Nd2 c5 4. exd5 exd5 5. dxc5 Bxc5 6. Nb3 Bb6 7. Nf3 Ne7 8.
Bd3 Bf5 9. O-O Bxd3 10. Qxd3 Qd6 11. Re1 Nbc6 12. Be3 Bxe3 13. Rxe3 O-O 14.
Rae1 Rad8 15. Nbd4 Qf6 16. Nxc6 Nxc6 17. Ne5 d4 18. Re4 g6 19. Ng4 Qd6 20. Nh6+
Kg7 21. Qh3 Qd7 22. Qh4 f6 23. f4 Rde8 24. Ng4 Rxe4 25. Rxe4 h5 26. Nf2 Re8 27.
Rxe8 Qxe8 28. Nd3 Qe2 29. Qf2 Qd1+ 30. Ne1 Qb1 31. b3 Qxa2 32. Qe2 Qa1 33. Kf2
Qa3 34. Nd3 Qd6 35. g3 Nb4 36. f5 Nxd3+ 37. Qxd3 g5 38. c3 Qd5 39. cxd4 Qh1 40.
Qe3 Qxh2+ 41. Ke1 Qh1+ 42. Kd2 Qg2+ 43. Kd3 Qd5 44. Qe7+ Qf7 45. Qb4 Qc7 46.
Kd2 Qd7 47. Qc5 b6 48. Qc4 Qxf5 49. Qc7+ Kg6 50. Qb8 Qf2+ 51. Kd3 Qf1+ 52. Ke4
Qb1+ 53. Kd5 Qxb3+ 54. Kc6 Qc4+ 55. Kb7 Qxd4 56. Qg8+ Kf5 57. Qc8+ Ke4 58. Qe6+
Qe5 59. Qc4+ Kf3 60. Qd3+ Kg4 61. Qd1+ Kxg3 62. Qg1+ Kf4 63. Qf2+ Kg4 64. Qg2+
Kf5 65. Kxa7 b5 66. Qf3+ Kg6 67. Qd3+ f5 68. Qd8 Qg7+ 69. Ka8 Kh7 70. Qb6 Qf8+
71. Ka7 Qf7+ 72. Ka8 g4 73. Qxb5 h4 74. Qf1 h3 75. Qf2 Qd5+ 76. Ka7 Kg6 77.
Qb6+ Kg5 78. Qe3+ Kh5 79. Qe8+ Kh4 80. Qe7+ Kg3 81. Qc7+ f4 82. Qc3+ Qf3 83.
Qb4 h2 84. Kb8 h1=Q 0-1

[Event "June Sectional B"]
[Site "Edmonton"]
[Date "2006.06.24"]
[Round "3"]
[White "Rekhson, Vladislav"]
[Black "Li, Zhichao"]
[Result "0-1"]
[WhiteElo "2007"]
[BlackElo "2196"]
[PlyCount "134"]
[EventDate "2006.06.23"]
[EventType "tourn"]
[EventRounds "5"]
[EventCountry "CAN"]

1. e4 c6 2. d4 d5 3. e5 c5 4. dxc5 e6 5. Bb5+ Bd7 6. Bxd7+ Nxd7 7. Nf3 Bxc5 8.
O-O Ne7 9. a4 O-O 10. Na3 Ng6 11. Re1 Rc8 12. c3 a6 13. Nc2 Qc7 14. Qe2 Be7 15.
g3 Rfe8 16. Ncd4 Qc4 17. Qd1 Bd8 18. Nd2 Qc5 19. f4 Ne7 20. N2f3 Nf5 21. g4
Nxd4 22. Nxd4 Bb6 23. Be3 Qe7 24. Qf3 Nc5 25. Bf2 Ne4 26. Kh1 Nxf2+ 27. Qxf2
Bxd4 28. Qxd4 Qh4 29. Rg1 Rc4 30. Qe3 Rec8 31. Ra3 Re4 32. Qg3 Qd8 33. Rb3 Qd7
34. f5 Rxa4 35. f6 d4 36. Qf3 b5 37. Rd1 Qc6 38. Qxc6 Rxc6 39. cxd4 gxf6 40.
exf6 Rd6 41. Rc3 h6 42. Rcd3 Rd5 43. Kg2 Kh7 44. h4 Kg6 45. h5+ Kxf6 46. Rf3+
Kg7 47. Rfd3 Rb4 48. R1d2 a5 49. b3 Kf8 50. Kf3 Ke7 51. Ke4 Rg5 52. Kf3 Kd6 53.
Ra2 a4 54. bxa4 Rxa4 55. Rxa4 bxa4 56. Ra3 Ra5 57. Ke4 f6 58. d5 exd5+ 59. Kd4
Ra6 60. Rf3 Kd7 61. Kxd5 a3 62. Rf1 a2 63. Ra1 Ra5+ 64. Ke4 Ke6 65. Kd4 Ra4+
66. Kc5 Ke5 67. Kb5 Ra8 0-1

[Event "June Sectional B"]
[Site "Edmonton"]
[Date "2006.06.25"]
[Round "4"]
[White "Li, Zhichao"]
[Black "Hughey, Micah"]
[Result "1-0"]
[WhiteElo "2196"]
[BlackElo "2027"]
[PlyCount "55"]
[EventDate "2006.06.23"]
[EventType "tourn"]
[EventRounds "5"]
[EventCountry "CAN"]

1. d4 d5 2. Nf3 c5 3. c3 e6 4. a3 cxd4 5. cxd4 Nf6 6. Nc3 Be7 7. Bg5 h6 8. Bxf6
Bxf6 9. e3 O-O 10. Be2 b6 11. Qa4 a5 12. O-O Ba6 13. Rfc1 Bxe2 14. Nxe2 Na6 15.
Rc6 Qd7 16. Qb5 Rfb8 17. Rac1 Kh7 18. Nf4 Rb7 19. Nd3 g6 20. Nde5 Qe8 21. Qd3
Raa7 22. R1c3 Kg7 23. Rc8 Qa4 24. Nc6 Nb4 25. axb4 Qa1+ 26. Qf1 Qxf1+ 27. Kxf1
axb4 28. Nxb4 1-0

[Event "June Sectional B"]
[Site "Edmonton"]
[Date "2006.06.25"]
[Round "4"]
[White "Rekhson, Vladislav"]
[Black "Karmali, Hafiz"]
[Result "0-1"]
[WhiteElo "2007"]
[BlackElo "2039"]
[PlyCount "58"]
[EventDate "2006.06.23"]
[EventType "tourn"]
[EventRounds "5"]
[EventCountry "CAN"]

1. e4 Nf6 2. Nc3 d5 3. exd5 Nxd5 4. d4 g6 5. Nf3 Bg7 6. Bc4 Nxc3 7. bxc3 O-O 8.
O-O c5 9. Re1 Nc6 10. Be3 Bg4 11. h3 Bxf3 12. Qxf3 cxd4 13. cxd4 Nxd4 14. Bxd4
Qxd4 15. Bb3 Qxa1 16. Rxa1 Bxa1 17. Qxb7 e6 18. g4 Bd4 19. Kg2 Rad8 20. f4 Bb6
21. h4 Rd2+ 22. Kf3 Rfd8 23. Qe7 Rf2+ 24. Kg3 Re2 25. f5 Re3+ 26. Kf4 Rd4+ 27.
Kg5 Bd8 28. f6 Bxe7 29. fxe7 Kg7 0-1

[Event "June Sectional B"]
[Site "Edmonton"]
[Date "2006.06.25"]
[Round "5"]
[White "Hughey, Micah"]
[Black "Robichaud, Martin"]
[Result "1-0"]
[WhiteElo "2027"]
[BlackElo "2016"]
[PlyCount "51"]
[EventDate "2006.06.23"]
[EventType "tourn"]
[EventRounds "5"]
[EventCountry "CAN"]

1. e4 e5 2. Nf3 Nc6 3. Bc4 Bc5 4. b4 Bxb4 5. c3 Bc5 6. d4 exd4 7. O-O Nge7 8.
cxd4 Bb6 9. Ng5 d5 10. exd5 Nxd5 11. Nxf7 Kxf7 12. Qh5+ g6 13. Bxd5+ Be6 14.
Bxe6+ Kxe6 15. d5+ Qxd5 16. Re1+ Ne5 17. Qg4+ Kd6 18. Bf4 Bxf2+ 19. Kxf2 Rhf8
20. Kg3 Qd3+ 21. Kh4 g5+ 22. Qxg5 Rf5 23. Bxe5+ Kd5 24. Nc3+ Kc6 25. Qh6+ Kc5
26. Qe3+ 1-0

[Event "June Sectional B"]
[Site "Edmonton"]
[Date "2006.06.25"]
[Round "5"]
[White "Karmali, Hafiz"]
[Black "Li, Zhichao"]
[Result "0-1"]
[WhiteElo "2039"]
[BlackElo "2196"]
[PlyCount "76"]
[EventDate "2006.06.23"]
[EventType "tourn"]
[EventRounds "5"]
[EventCountry "CAN"]

1. e4 c6 2. d4 d5 3. exd5 cxd5 4. Bd3 g6 5. f4 Nc6 6. c3 Nh6 7. Nf3 Bg7 8. O-O
O-O 9. Re1 Bf5 10. Na3 Rb8 11. Nc2 e6 12. Ne3 Bxd3 13. Qxd3 Nf5 14. Nxf5 gxf5
15. Be3 b5 16. a3 Qd6 17. Ne5 Na5 18. b4 Nc4 19. a4 Nb2 20. Qd2 Nxa4 21. Nd3
Rb7 22. Nc5 Nxc5 23. bxc5 Qc6 24. Ra5 Ra8 25. Rea1 a6 26. Qa2 Rba7 27. Bf2 Bf6
28. Qe2 Bd8 29. R5a3 Qc7 30. Qh5 Qxf4 31. c4 bxc4 32. Rg3+ Kf8 33. Qxh7 Bf6 34.
Rd1 Ke7 35. Rg8 c3 36. Bg3 c2 37. Bxf4 cxd1=Q+ 38. Kf2 Bxd4+ 0-1

[Event "ECC Frank Anderson Memorial"]
[Site "Edmonton"]
[Date "2006.07.27"]
[Round "4"]
[White "Mendryk, Wayne"]
[Black "McDonald, Brian"]
[Result "1-0"]
[WhiteElo "1465"]
[BlackElo "1334"]
[PlyCount "79"]
[EventDate "2006.07.06"]
[EventType "swiss"]
[EventRounds "4"]
[EventCountry "CAN"]

1. e4 e5 2. Nf3 Nc6 3. Bb5 Nf6 4. O-O Bc5 5. h3 b6 6. Re1 Bb7 7. c3 Qe7 8. d3
h6 9. Nbd2 O-O-O 10. Nf1 Bxf2+ 11. Kxf2 Qc5+ 12. Be3 Qxb5 13. Qc2 Ne7 14. a4
Qc6 15. Nxe5 Nxe4+ 16. dxe4 Qf6+ 17. Nf3 c5 18. N1d2 g5 19. Nc4 d5 20. e5 Qg7
21. Nd6+ Kc7 22. b4 f6 23. bxc5 fxe5 24. Qb3 Ba6 25. Nb5+ Kb7 26. Rab1 Rhf8 27.
Nxa7 Rf6 28. Kg1 Kxa7 29. cxb6+ Kb7 30. Qb4 Rc6 31. Bc5 Re8 32. Rxe5 h5 33.
Rbe1 Rxc5 34. Qxc5 Ng6 35. Rxe8 Ne5 36. Re7+ Qxe7 37. Qxe7+ Kxb6 38. Rxe5 Kc6
39. Nd4+ Kb6 40. Rxd5 1-0

[Event "2006 Battle of Alberta"]
[Site "Red Deer"]
[Date "2006.07.08"]
[Round "1.1"]
[White "Huber, Greg"]
[Black "Reeve, Jeff"]
[Result "1-0"]
[WhiteElo "2325"]
[BlackElo "2304"]
[PlyCount "89"]
[EventDate "2006.07.08"]
[EventType "team-match"]
[EventRounds "2"]
[EventCountry "CAN"]
[WhiteTeam "South"]
[BlackTeam "North"]
[WhiteTeamCountry "CAN"]
[BlackTeamCountry "CAN"]

1. c4 e5 2. g3 c6 3. d4 e4 4. Bg2 d5 5. Nc3 Nf6 6. Bf4 Be6 7. cxd5 cxd5 8. f3
Nc6 9. e3 Bb4 10. Bg5 Qa5 11. Bxf6 Bxc3+ 12. bxc3 Qxc3+ 13. Kf2 gxf6 14. Ne2
Qa5 15. fxe4 Rd8 16. Nf4 dxe4 17. Bxe4 Ke7 18. Qe2 Rd7 19. Rhc1 Nb4 20. a3 Nd5
21. Bxd5 Bxd5 22. Rc5 Qd8 23. Nxd5+ Rxd5 24. Rac1 Rxc5 25. Rxc5 b6 26. Rc6 Qd7
27. Qf3 f5 28. g4 Rc8 29. Rxc8 Qxc8 30. Qxf5 Qc1 31. Qe5+ Kd7 32. Qd5+ Ke7 33.
Qb7+ Kf6 34. Qf3+ Ke7 35. Qe4+ Kd7 36. Qd3 Qb2+ 37. Kg3 Qc1 38. h3 h6 39. Kh4
Ke7 40. Kh5 Qe1 41. h4 Kf6 42. Qf5+ Kg7 43. Qe5+ Kg8 44. d5 Qb1 45. e4 1-0

[Event "2006 Battle of Alberta"]
[Site "Red Deer"]
[Date "2006.07.08"]
[Round "1.3"]
[White "Demers, Chris"]
[Black "Gardner, Robert"]
[Result "0-1"]
[WhiteElo "2254"]
[BlackElo "2225"]
[PlyCount "102"]
[EventDate "2006.07.08"]
[EventType "team-match"]
[EventRounds "2"]
[EventCountry "CAN"]
[WhiteTeam "South"]
[BlackTeam "North"]
[WhiteTeamCountry "CAN"]
[BlackTeamCountry "CAN"]

1. e4 g6 2. d4 Bg7 3. Nc3 d6 4. f4 a6 5. Nf3 b5 6. a3 Bb7 7. Be3 Nf6 8. Bd3 O-O
9. Qd2 Nbd7 10. O-O-O c5 11. dxc5 Nxc5 12. Bxc5 dxc5 13. e5 Nd5 14. Be4 Nxc3
15. Qxc3 Qb6 16. Bxb7 Qxb7 17. Qxc5 Bh6 18. Qe3 Rfc8 19. Rhe1 Qc6 20. Re2 Qc4
21. Rd4 Qa2 22. Nd2 Rc6 23. Qb3 Qa1+ 24. Nb1 Rac8 25. g3 g5 26. c3 gxf4 27.
gxf4 Rc4 28. Ree4 R4c6 29. Kc2 a5 30. f5 Rc5 31. Rd1 a4 32. Qb4 Qa2 33. Rg1+
Kh8 34. Rh4 Be3 35. Rg3 Qb3+ 36. Qxb3 axb3+ 37. Kxb3 Bf2 38. Re4 Bxg3 39. hxg3
Rd8 40. c4 bxc4+ 41. Rxc4 Rxe5 42. g4 h5 43. gxh5 Rxf5 44. a4 Rxh5 45. Nc3 Kg7
46. Ka3 f5 47. b4 e5 48. b5 f4 49. a5 f3 50. Ne4 Rh4 51. b6 Rxe4 0-1

[Event "2006 Battle of Alberta"]
[Site "Red Deer"]
[Date "2006.07.08"]
[Round "1.4"]
[White "Li, Zhichao"]
[Black "Haessel, Dale"]
[Result "1-0"]
[WhiteElo "2219"]
[BlackElo "2200"]
[PlyCount "95"]
[EventDate "2006.07.08"]
[EventType "team-match"]
[EventRounds "2"]
[EventCountry "CAN"]
[WhiteTeam "North"]
[BlackTeam "South"]
[WhiteTeamCountry "CAN"]
[BlackTeamCountry "CAN"]

1. d4 Nf6 2. c4 g6 3. Nc3 d5 4. cxd5 Nxd5 5. e4 Nxc3 6. bxc3 Bg7 7. Nf3 c5 8.
Be3 Qa5 9. Qd2 O-O 10. Rc1 cxd4 11. cxd4 Qxd2+ 12. Nxd2 f5 13. e5 Be6 14. Bc4
Bxc4 15. Nxc4 Nc6 16. f4 Rfd8 17. Kf2 Nxd4 18. Na5 b6 19. Rhd1 Nb5 20. Rxd8+
Rxd8 21. Nc6 Rd7 22. a4 Na3 23. Nd4 h6 24. Rc8+ Kh7 25. Ke2 b5 26. axb5 Rd5 27.
Rb8 g5 28. g3 gxf4 29. gxf4 Nc4 30. Nc6 Nxe3 31. Kxe3 Rd1 32. Nxa7 Re1+ 33. Kf2
Re4 34. Kf3 h5 35. Re8 Bh6 36. b6 Rxf4+ 37. Kg2 Rg4+ 38. Kh3 Be3 39. Rxe7+ Kg6
40. Nc8 Rb4 41. b7 Rb2 42. Re6+ Kg5 43. Rb6 Bxb6 44. b8=Q Bd4 45. Qd6 Bg1 46.
e6 Bxh2 47. Qd8+ Kg6 48. Qg8+ 1-0

[Event "2006 Battle of Alberta"]
[Site "Red Deer"]
[Date "2006.07.08"]
[Round "1.5"]
[White "Perron, Sean"]
[Black "Wilke, Werner"]
[Result "1-0"]
[WhiteElo "2164"]
[BlackElo "2191"]
[PlyCount "70"]
[EventDate "2006.07.08"]
[EventType "team-match"]
[EventRounds "2"]
[EventCountry "CAN"]
[WhiteTeam "South"]
[BlackTeam "North"]
[WhiteTeamCountry "CAN"]
[BlackTeamCountry "CAN"]

1. d4 d5 2. c4 c6 3. Nf3 Nf6 4. Qc2 e6 5. Nbd2 Nbd7 6. e3 Be7 7. Bd3 O-O 8. O-O
c5 9. b3 b6 10. Bb2 cxd4 11. exd4 Bb7 12. Rac1 Rc8 13. Qb1 Re8 14. Rfe1 Nf8 15.
Ne5 Bb4 16. Re2 Bxd2 17. Rxd2 Ng6 18. Nxg6 hxg6 19. Re2 Qd6 20. h3 dxc4 21.
bxc4 Nh5 22. Re3 f5 23. Bf1 Nf6 24. c5 Qf4 25. g3 Qg5 26. Re5 Ne4 27. h4 Qg4
28. Bg2 Qe2 29. Qc2 Qxc2 30. Rxc2 bxc5 31. dxc5 Bd5 32. Bd4 Rc6 33. Rb2 Rec8
34. Bxe4 Bxe4 35. Rb7 Rd8 1-0

[Event "2006 Battle of Alberta"]
[Site "Red Deer"]
[Date "2006.07.08"]
[Round "1.6"]
[White "Balbutin, Nelson"]
[Black "Kazmaier, Daniel"]
[Result "0-1"]
[WhiteElo "2184"]
[BlackElo "2160"]
[PlyCount "54"]
[EventDate "2006.07.08"]
[EventType "team-match"]
[EventRounds "2"]
[EventCountry "CAN"]
[WhiteTeam "North"]
[BlackTeam "South"]
[WhiteTeamCountry "CAN"]
[BlackTeamCountry "CAN"]

1. e4 e6 2. d4 d5 3. Nd2 c5 4. exd5 Qxd5 5. Ngf3 cxd4 6. Bc4 Qd8 7. O-O Nf6 8.
Nb3 Be7 9. Qe2 a6 10. a4 O-O 11. Nbxd4 Nbd7 12. Rd1 e5 13. Nf5 e4 14. Ne5 Qe8
15. Nxd7 Bxd7 16. Nd6 Bxd6 17. Rxd6 Qe5 18. Rb6 Rac8 19. Rxb7 Ng4 20. g3 Qh5
21. h4 Rxc4 22. Rxd7 Qf5 23. Bf4 e3 24. Qxc4 exf2+ 25. Kg2 Qxd7 26. Qe4 Re8 27.
Rd1 f1=Q+ 0-1

[Event "2006 Battle of Alberta"]
[Site "Red Deer"]
[Date "2006.07.08"]
[Round "1.7"]
[White "Boik, Andrew"]
[Black "Grumic, Sasa"]
[Result "1-0"]
[WhiteElo "2099"]
[BlackElo "2097"]
[PlyCount "77"]
[EventDate "2006.07.08"]
[EventType "team-match"]
[EventRounds "2"]
[EventCountry "CAN"]
[WhiteTeam "South"]
[BlackTeam "North"]
[WhiteTeamCountry "CAN"]
[BlackTeamCountry "CAN"]

1. e4 c5 2. Nf3 d6 3. Bb5+ Nc6 4. O-O a6 5. Bxc6+ bxc6 6. c3 Bg4 7. Re1 e5 8.
d4 cxd4 9. cxd4 Bxf3 10. gxf3 Qf6 11. Qa4 Ne7 12. d5 g5 13. dxc6 Bh6 14. c7+
Kf8 15. Nc3 Rg8 16. Nd5 Nxd5 17. exd5 Qxf3 18. Qe4 Qxe4 19. Rxe4 Ke7 20. Bd2
Kd7 21. Rc1 Rgc8 22. Ba5 f5 23. Rec4 Ra7 24. a4 g4 25. R1c2 e4 26. Rc6 Bf4 27.
Bb6 Raa8 28. b4 h5 29. Bd4 h4 30. b5 axb5 31. axb5 Ra4 32. Bc3 g3 33. hxg3 hxg3
34. b6 e3 35. fxg3 Rg8 36. b7 Rxg3+ 37. Kf1 Rf3+ 38. Ke2 Rf2+ 39. Kd3 1-0

[Event "2006 Battle of Alberta"]
[Site "Red Deer"]
[Date "2006.07.08"]
[Round "1.8"]
[White "Rekhson, Vladislav"]
[Black "Yearwood, Roy"]
[Result "1-0"]
[WhiteElo "1983"]
[BlackElo "2090"]
[PlyCount "81"]
[EventDate "2006.07.08"]
[EventType "team-match"]
[EventRounds "2"]
[EventCountry "CAN"]
[WhiteTeam "North"]
[BlackTeam "South"]
[WhiteTeamCountry "CAN"]
[BlackTeamCountry "CAN"]

1. e4 e5 2. Nf3 d6 3. d4 Bg4 4. dxe5 Nd7 5. exd6 Bxd6 6. Qd4 Bxf3 7. gxf3 Be5
8. Qe3 Qf6 9. c3 Bd6 10. Bh3 Nb6 11. f4 Qe7 12. e5 Bc5 13. Qg3 f5 14. b4 Bxb4
15. cxb4 Qxb4+ 16. Nd2 O-O-O 17. O-O Ne7 18. Ba3 Qxd2 19. Bxe7 Rde8 20. Bxf5+
Kb8 21. Bc5 g6 22. Be4 Qa5 23. Qa3 Qxa3 24. Bxa3 Nc4 25. Bb4 Nb6 26. a4 Nd7 27.
Rfd1 Nf8 28. Bd5 Ne6 29. Bxe6 Rxe6 30. Rd7 Rb6 31. Rad1 Rc8 32. Bc5 Rc6 33. Be3
h5 34. Kg2 b6 35. Rd8 a5 36. Kf3 Kb7 37. Rxc8 Kxc8 38. Ke4 Re6 39. f5 gxf5+ 40.
Kxf5 Re8 41. e6 1-0

[Event "2006 Battle of Alberta"]
[Site "Red Deer"]
[Date "2006.07.08"]
[Round "1.10"]
[White "Haynes, Nicolas"]
[Black "Tomaras, Pavlos"]
[Result "1/2-1/2"]
[WhiteElo "2076"]
[BlackElo "2011"]
[PlyCount "134"]
[EventDate "2006.07.08"]
[EventType "team-match"]
[EventRounds "2"]
[EventCountry "CAN"]
[WhiteTeam "North"]
[BlackTeam "South"]
[WhiteTeamCountry "CAN"]
[BlackTeamCountry "CAN"]

1. c4 d5 2. cxd5 c6 3. dxc6 Nxc6 4. Nc3 Nf6 5. Nf3 e5 6. d3 Bc5 7. e3 O-O 8.
Be2 Qe7 9. O-O Rd8 10. Qc2 Nb4 11. Qb1 Bg4 12. Ne4 Bxf3 13. Bxf3 Nxd3 14. Nxf6+
Qxf6 15. Be4 Nb4 16. Bxb7 Rab8 17. Be4 Qa6 18. Bxh7+ Kh8 19. a3 Qe2 20. g3 Nd3
21. Bxd3 Rxd3 22. b4 Rbd8 23. Qa2 Qf3 24. bxc5 e4 25. Qc4 Rd1 26. Bb2 R1d2 27.
Bd4 R8xd4 28. Qxd4 Rxd4 29. exd4 e3 30. Ra2 Qd5 31. Re2 exf2+ 32. Rfxf2 Qxd4
33. Rc2 Qd1+ 34. Kg2 Qd5+ 35. Rf3 Qd1 36. Rfc3 Qd5+ 37. Kf2 Qc6 38. Ke2 a5 39.
Kd2 a4 40. Rc4 g6 41. Rd4 Qf6 42. Rh4+ Kg7 43. c6 Qd6+ 44. Ke2 Qe6+ 45. Kd3
Qd5+ 46. Ke2 Qe5+ 47. Kd1 Qd6+ 48. Ke1 Qe5+ 49. Re2 Qc3+ 50. Rd2 Qxc6 51. Rd3
Qc1+ 52. Ke2 Qb2+ 53. Ke3 Qc1+ 54. Kf3 Qf1+ 55. Ke3 Qc1+ 56. Kd4 Qc6 57. Rc3
Qb6+ 58. Kc4 g5 59. Re4 f6 60. Kd3 Qb1+ 61. Ke3 Qe1+ 62. Kd3 Qb1+ 63. Kd4 Qb6+
64. Rc5 Qb2+ 65. Rc3 Qb6+ 66. Kd3 Qb1+ 67. Kd4 Qb6+ 1/2-1/2

[Event "2006 Battle of Alberta"]
[Site "Red Deer"]
[Date "2006.07.08"]
[Round "1.11"]
[White "Robichaud, Martin"]
[Black "Hughey, Micah"]
[Result "1/2-1/2"]
[WhiteElo "2006"]
[BlackElo "2046"]
[PlyCount "77"]
[EventDate "2006.07.08"]
[EventType "team-match"]
[EventRounds "2"]
[EventCountry "CAN"]
[WhiteTeam "South"]
[BlackTeam "North"]
[WhiteTeamCountry "CAN"]
[BlackTeamCountry "CAN"]

1. e4 e5 2. Nf3 Nc6 3. Bc4 Nf6 4. d3 h6 5. Nc3 Bc5 6. h3 d6 7. Na4 Bb6 8. Nxb6
axb6 9. a3 Be6 10. Bxe6 fxe6 11. O-O O-O 12. Nh2 Qe8 13. c3 Qg6 14. Be3 Nh5 15.
Qg4 Qxg4 16. hxg4 Nf4 17. Rfd1 b5 18. g3 Ng6 19. Kg2 d5 20. Nf3 Nge7 21. Rh1
Rf7 22. Raf1 Raf8 23. Ng1 d4 24. Bc1 Na5 25. Nh3 Nb3 26. f4 dxc3 27. bxc3 Nxc1
28. Rxc1 exf4 29. gxf4 Ng6 30. f5 Ne5 31. fxe6 Re7 32. d4 Nxg4 33. d5 Nf6 34.
Rhe1 g5 35. c4 bxc4 36. Rxc4 c6 37. dxc6 bxc6 38. Rxc6 Rfe8 39. Nf2 1/2-1/2

[Event "2006 Battle of Alberta"]
[Site "Red Deer"]
[Date "2006.07.08"]
[Round "1.12"]
[White "Karmali, Hafiz"]
[Black "Kuczaj, Chris"]
[Result "0-1"]
[WhiteElo "2039"]
[BlackElo "1884"]
[PlyCount "29"]
[EventDate "2006.07.08"]
[EventType "team-match"]
[EventRounds "2"]
[EventCountry "CAN"]
[WhiteTeam "North"]
[BlackTeam "South"]
[WhiteTeamCountry "CAN"]
[BlackTeamCountry "CAN"]

1. e4 c5 2. Ne2 Nc6 3. g3 d5 4. Bg2 dxe4 5. Bxe4 Nf6 6. Bg2 Bf5 7. Nbc3 Nd4 8.
Ne4 Nxe4 9. Bxe4 e5 10. c4 Be6 11. Bg2 h6 12. b3 Nxe2 13. f3 Bf5 14. f4 Qxd2+
15. Kf2 0-1

[Event "2006 Battle of Alberta"]
[Site "Red Deer"]
[Date "2006.07.08"]
[Round "2.1"]
[White "Reeve, Jeff"]
[Black "Huber, Greg"]
[Result "1-0"]
[WhiteElo "2304"]
[BlackElo "2325"]
[PlyCount "67"]
[EventDate "2006.07.08"]
[EventType "team-match"]
[EventRounds "2"]
[EventCountry "CAN"]
[WhiteTeam "North"]
[BlackTeam "South"]
[WhiteTeamCountry "CAN"]
[BlackTeamCountry "CAN"]

1. e4 c5 2. Nf3 e6 3. d4 cxd4 4. Nxd4 d6 5. Nc3 Nc6 6. Be3 Nf6 7. Bc4 a6 8. Qe2
Qc7 9. O-O-O Na5 10. Bd3 b5 11. f4 b4 12. Nb1 Bb7 13. Nd2 Be7 14. Kb1 O-O 15.
g4 d5 16. e5 Ne4 17. g5 Nxd2+ 18. Bxd2 Nc4 19. Nxe6 Qb6 20. Nxf8 Nxd2+ 21. Rxd2
Bxf8 22. Re1 Re8 23. h4 a5 24. h5 a4 25. Bb5 Ra8 26. e6 a3 27. exf7+ Kh8 28.
Be8 Qc5 29. Qe3 Qc4 30. b3 Qc7 31. Qe5 Qc5 32. h6 Ra6 33. f5 Qc3 34. hxg7+ 1-0

[Event "2006 Battle of Alberta"]
[Site "Red Deer"]
[Date "2006.07.08"]
[Round "2.3"]
[White "Gardner, Robert"]
[Black "Demers, Chris"]
[Result "0-1"]
[WhiteElo "2225"]
[BlackElo "2254"]
[PlyCount "108"]
[EventDate "2006.07.08"]
[EventType "team-match"]
[EventRounds "2"]
[EventCountry "CAN"]
[WhiteTeam "North"]
[BlackTeam "South"]
[WhiteTeamCountry "CAN"]
[BlackTeamCountry "CAN"]

1. f4 e6 2. Nf3 b6 3. e3 Bb7 4. d4 f5 5. c4 Nf6 6. Bd3 Ne4 7. O-O Be7 8. Qc2
O-O 9. Nc3 d5 10. cxd5 exd5 11. Ne5 Na6 12. Bxa6 Bxa6 13. Nc6 Qd6 14. Nxe4 fxe4
15. Nxe7+ Qxe7 16. Rf2 c5 17. Qa4 Bd3 18. b3 b5 19. Qa3 b4 20. Qa5 Rfc8 21. a3
Rab8 22. axb4 Rb5 23. Qxa7 Qxa7 24. Rxa7 cxd4 25. Ra1 dxe3 26. Bxe3 Rxb4 27. f5
d4 28. Bg5 h6 29. Be7 Rb7 30. f6 gxf6 31. Bxf6 e3 32. Rfa2 Rbc7 33. g4 Rc1+ 34.
Kg2 Be4+ 35. Kg3 Rxa1 36. Rxa1 d3 37. Bd4 e2 38. Kf2 Rb8 39. Ke1 Rxb3 40. Be3
Kg7 41. Ra7+ Bb7 42. Ra1 Bf3 43. Ra7+ Kg8 44. Ra1 Bxg4 45. Bxh6 Kh7 46. Be3 Kg6
47. Kd2 Bf5 48. Ra6+ Kh5 49. Ra1 Kg4 50. Rg1+ Kf3 51. Bd4 Rb4 52. Bc3 Rc4 53.
Ra1 Kf2 54. Rc1 Rxc3 0-1

[Event "2006 Battle of Alberta"]
[Site "Red Deer"]
[Date "2006.07.08"]
[Round "2.4"]
[White "Haessel, Dale"]
[Black "Li, Zhichao"]
[Result "1-0"]
[WhiteElo "2200"]
[BlackElo "2219"]
[PlyCount "135"]
[EventDate "2006.07.08"]
[EventType "team-match"]
[EventRounds "2"]
[EventCountry "CAN"]
[WhiteTeam "South"]
[BlackTeam "North"]
[WhiteTeamCountry "CAN"]
[BlackTeamCountry "CAN"]

1. c4 c6 2. d4 d5 3. e3 Nf6 4. Nf3 a6 5. Nc3 b5 6. cxd5 cxd5 7. Bd2 e6 8. Rc1
Bd6 9. Bd3 O-O 10. O-O Nbd7 11. e4 b4 12. e5 bxc3 13. Bxc3 Be7 14. exf6 Nxf6
15. Ne5 Bd7 16. Qd2 a5 17. f4 g6 18. g4 h5 19. g5 Ne4 20. Bxe4 dxe4 21. Qe2 Ra7
22. Qxe4 Bb5 23. Nxg6 Qa8 24. Nxe7+ Rxe7 25. Qe5 Qd5 26. Qxd5 exd5 27. Bxa5 Ra8
28. Bb4 Re4 29. Rf2 Rxa2 30. Bc5 Kh7 31. Kg2 Kg6 32. Kg3 Kf5 33. Rd1 h4+ 34.
Kxh4 Re3 35. Bd6 Be2 36. Rg1 Rxb2 37. g6 Bg4 38. Rg3 Rxf2 39. Rxe3 Bh5 40. Re5+
Kxg6 41. Rg5+ Kf6 42. Rxh5 Ke6 43. Be5 Rxh2+ 44. Kg4 Rg2+ 45. Kf3 Ra2 46. Rh6+
Ke7 47. f5 Ra1 48. Rc6 Rf1+ 49. Kg4 Rg1+ 50. Bg3 Rd1 51. Rc7+ Ke8 52. Be5 Rg1+
53. Kf4 Ra1 54. Bf6 Re1 55. Re7+ Rxe7 56. Bxe7 Kxe7 57. Ke5 Kd8 58. Kxd5 Kd7
59. Kc5 Kc7 60. d5 Kd7 61. d6 Kd8 62. Kd5 Kc8 63. Ke5 Kd7 64. Kf6 Kxd6 65. Kxf7
Ke5 66. f6 Kf5 67. Kg7 Ke6 68. f7 1-0